[Event "PRO League KO Stage"]
[Site "chess.com INT"]
[Date "2017.03.25"]
[Round "4.1"]
[White "Lesiege, Alexandre"]
[Black "Akobian, Varuzhan"]
[Result "1-0"]
[WhiteElo "2525"]
[BlackElo "2645"]
[WhiteFideId "-1"]
[WhiteFideId "-1"]
[PlyCount "71"]
[GameId "2130307635428591"]
[EventDate "2017.03.01"]
[EventType "k.o."]
[EventRounds "5"]
[EventCountry "USA"]
[SourceTitle "The Week in Chess 1168"]
[Source "Mark Crowther"]
[SourceDate "2017.03.27"]
[SourceVersion "1"]
[SourceVersionDate "2017.03.27"]
[SourceQuality "2"]
[WhiteTeam "Montreal ChessBrahs"]
[BlackTeam "St Louis Arch Bishops"]

1. d4 Nf6 2. c4 e6 3. Nf3 d5 4. Nc3 Be7 5. Bf4 O-O 6. e3 b6 7. cxd5 Nxd5 8. Nxd5 exd5 9. Bd3 c5 10. b3 Nc6 11. O-O Bg4 12. Bb5 Na5 13. dxc5 bxc5 14. h3 Be6 15. Rc1 Qb6 16. Bd3 c4 17. Bc2 Nc6 18. Ng5 Bxg5 19. Bxg5 Nb4 20. Bb1 h6 21. Bf4 Qa6 22. Be5 Rac8 23. Bd4 Nd3 24. Rc3 Bf5 25. Qf3 Be4 26. Qg3 f6 27. Qg4 Rc6 28. Rd1 Bh7 29. Qd7 Rd6 30. Qxa7 Qxa7 31. Bxa7 Ra6 32. Bd4 Nb4 33. bxc4 dxc4 34. Rxc4 Nxa2 35. Rc7 Bxb1 36. Rxb1 1-0

[Event "PRO League KO Stage"]
[Site "chess.com INT"]
[Date "2017.03.25"]
[Round "4.2"]
[White "So, Wesley"]
[Black "Lesiege, Alexandre"]
[Result "1-0"]
[WhiteElo "2822"]
[BlackElo "2525"]
[WhiteFideId "-1"]
[WhiteFideId "-1"]
[PlyCount "77"]
[GameId "2130307635428601"]
[EventDate "2017.03.01"]
[EventType "k.o."]
[EventRounds "5"]
[EventCountry "USA"]
[SourceTitle "The Week in Chess 1168"]
[Source "Mark Crowther"]
[SourceDate "2017.03.27"]
[SourceVersion "1"]
[SourceVersionDate "2017.03.27"]
[SourceQuality "2"]
[WhiteTeam "St Louis Arch Bishops"]
[BlackTeam "Montreal ChessBrahs"]

1. e4 e5 2. Nf3 Nc6 3. Bb5 a6 4. Ba4 Nf6 5. O-O Be7 6. Re1 b5 7. Bb3 d6 8. c3 O-O 9. h3 Na5 10. Bc2 c5 11. d4 Nd7 12. a4 b4 13. cxb4 cxb4 14. Nbd2 exd4 15. Nxd4 Bf6 16. N2b3 Nxb3 17. Bxb3 Bb7 18. Nf5 Nc5 19. Bd5 Kh8 20. Be3 Rb8 21. Bxc5 dxc5 22. Bxb7 Rxb7 23. e5 Be7 24. Qf3 Qc8 25. Re4 Rc7 26. Rc1 Qe6 27. Rd1 g6 28. Ne3 c4 29. Nd5 Rc5 30. Nxb4 Rxe5 31. Rxe5 Qxe5 32. Nc6 Qf6 33. Nxe7 Qxe7 34. Qc3+ Kg8 35. Qxc4 Qb7 36. b4 Rc8 37. Qd3 Qxb4 38. Qxa6 Re8 39. Qb5 1-0

[Event "PRO League KO Stage"]
[Site "chess.com INT"]
[Date "2017.03.25"]
[Round "4.3"]
[White "Rosenthal, Nicholas"]
[Black "Lesiege, Alexandre"]
[Result "1-0"]
[WhiteElo "2169"]
[BlackElo "2525"]
[WhiteFideId "-1"]
[WhiteFideId "-1"]
[PlyCount "85"]
[GameId "2130307635428606"]
[EventDate "2017.03.01"]
[EventType "k.o."]
[EventRounds "5"]
[EventCountry "USA"]
[SourceTitle "The Week in Chess 1168"]
[Source "Mark Crowther"]
[SourceDate "2017.03.27"]
[SourceVersion "1"]
[SourceVersionDate "2017.03.27"]
[SourceQuality "2"]
[WhiteTeam "St Louis Arch Bishops"]
[BlackTeam "Montreal ChessBrahs"]

1. e4 e5 2. Nf3 Nc6 3. Bc4 Bc5 4. d3 Nf6 5. O-O d6 6. c3 O-O 7. h3 a6 8. b4 Ba7 9. Re1 Ne7 10. Be3 Bxe3 11. Rxe3 Ng6 12. d4 Qe7 13. Nbd2 h6 14. Nf1 Be6 15. Bxe6 Qxe6 16. Ng3 c6 17. Qd2 a5 18. b5 cxb5 19. Rb1 b4 20. cxb4 axb4 21. d5 Qd7 22. Rxb4 Ra7 23. Qb2 Rfa8 24. a3 Rc8 25. Reb3 Rc7 26. Rb6 Ne7 27. Rc3 Nc8 28. Rxc7 Qxc7 29. Rb3 Ne7 30. Nh4 g6 31. Nf3 Nd7 32. Rc3 Nc5 33. Qc1 Kg7 34. Nxe5 dxe5 35. Rxc5 Qd6 36. Qc3 Ng8 37. f4 Qb6 38. fxe5 Kh7 39. Kh2 Ra8 40. Rc7 Rf8 41. Qc5 Qxc5 42. Rxc5 Kg7 43. Rc7 1-0

[Event "PRO League KO Stage"]
[Site "chess.com INT"]
[Date "2017.03.25"]
[Round "4.4"]
[White "Lesiege, Alexandre"]
[Black "Finegold, Benjamin"]
[Result "1-0"]
[WhiteElo "2525"]
[BlackElo "2481"]
[WhiteFideId "-1"]
[WhiteFideId "-1"]
[PlyCount "95"]
[GameId "2130307635428610"]
[EventDate "2017.03.01"]
[EventType "k.o."]
[EventRounds "5"]
[EventCountry "USA"]
[SourceTitle "The Week in Chess 1168"]
[Source "Mark Crowther"]
[SourceDate "2017.03.27"]
[SourceVersion "1"]
[SourceVersionDate "2017.03.27"]
[SourceQuality "2"]
[WhiteTeam "Montreal ChessBrahs"]
[BlackTeam "St Louis Arch Bishops"]

1. d4 Nf6 2. c4 c5 3. d5 e5 4. Nc3 d6 5. e4 Be7 6. g3 Nbd7 7. Bg2 Nf8 8. h4 h5 9. Nh3 N8h7 10. Ng5 Kf8 11. O-O Kg8 12. f4 exf4 13. gxf4 Ng4 14. Qf3 Bf6 15. Kh1 Nf8 16. Qg3 Ng6 17. Bd2 a6 18. a4 Bd7 19. a5 b6 20. axb6 Qxb6 21. Nd1 Re8 22. Ra3 Rb8 23. Bc3 Bxc3 24. Rxc3 Qd8 25. Ra3 a5 26. b3 Rb4 27. Nf3 a4 28. bxa4 Rxc4 29. a5 Rxe4 30. f5 N6e5 31. Nxe5 Rxe5 32. a6 Kh7 33. a7 Qa8 34. Nf2 Nxf2+ 35. Rxf2 Rhe8 36. Kh2 Kg8 37. f6 g6 38. Ra6 Kh7 39. Rfa2 Bf5 40. Rxd6 Be4 41. Rd7 Kg8 42. Qf4 g5 43. hxg5 Bxg2 44. Rxg2 Re2 45. g6 Rxg2+ 46. Kxg2 Re2+ 47. Kf1 Re6 48. gxf7+ 1-0

[Event "PRO League KO Stage"]
[Site "chess.com INT"]
[Date "2017.03.25"]
[Round "4.5"]
[White "Akobian, Varuzhan"]
[Black "Lesiege, Alexandre"]
[Result "0-1"]
[WhiteElo "2645"]
[BlackElo "2525"]
[WhiteFideId "-1"]
[WhiteFideId "-1"]
[PlyCount "22"]
[GameId "2130307635428615"]
[EventDate "2017.03.01"]
[EventType "k.o."]
[EventRounds "5"]
[EventCountry "USA"]
[SourceTitle "The Week in Chess 1168"]
[Source "Mark Crowther"]
[SourceDate "2017.03.27"]
[SourceVersion "1"]
[SourceVersionDate "2017.03.27"]
[SourceQuality "2"]
[WhiteTeam "St Louis Arch Bishops"]
[BlackTeam "Montreal ChessBrahs"]

1. d4 d5 2. c4 dxc4 3. e3 Nf6 4. Bxc4 e6 5. Nf3 c5 6. O-O a6 7. Qe2 b5 8. Bd3 cxd4 9. exd4 Be7 10. a4 bxa4 11. Nc3 O-O 0-1

[Event "PRO League KO Stage"]
[Site "chess.com INT"]
[Date "2017.03.25"]
[Round "4.6"]
[White "Lesiege, Alexandre"]
[Black "So, Wesley"]
[Result "1/2-1/2"]
[WhiteElo "2525"]
[BlackElo "2822"]
[WhiteFideId "-1"]
[WhiteFideId "-1"]
[PlyCount "113"]
[GameId "2130307635428622"]
[EventDate "2017.03.01"]
[EventType "k.o."]
[EventRounds "5"]
[EventCountry "USA"]
[SourceTitle "The Week in Chess 1168"]
[Source "Mark Crowther"]
[SourceDate "2017.03.27"]
[SourceVersion "1"]
[SourceVersionDate "2017.03.27"]
[SourceQuality "2"]
[WhiteTeam "Montreal ChessBrahs"]
[BlackTeam "St Louis Arch Bishops"]

1. d4 Nf6 2. c4 e6 3. Nf3 d5 4. Nc3 c6 5. cxd5 exd5 6. Bf4 Bd6 7. Bxd6 Qxd6 8. e3 Bf5 9. Bd3 Bxd3 10. Qxd3 Nbd7 11. O-O O-O 12. Rab1 a5 13. Qc2 Rfe8 14. a3 Nb6 15. Nd2 Ng4 16. Nf3 Nc4 17. h3 Nf6 18. Nd2 Nxd2 19. Qxd2 Nd7 20. Rfc1 Nb6 21. Qd3 a4 22. Qd1 Ra7 23. Na2 Nc4 24. Nb4 Raa8 25. Nd3 b6 26. Ra1 Re7 27. Qc2 h6 28. Ra2 Re6 29. Qc3 Rae8 30. b3 axb3 31. Qxb3 Ra8 32. a4 Ree8 33. Nb2 b5 34. axb5 Rxa2 35. Qxa2 cxb5 36. Nd3 Qg6 37. Qe2 Qe4 38. Rb1 Qxd4 39. exd4 Rxe2 40. Rxb5 Rd2 41. Nf4 Rxd4 42. Nxd5 Rd1+ 43. Kh2 Rd2 44. Rb4 Ne5 45. Ne7+ Kh7 46. Kg3 g6 47. Rb5 Nd7 48. Rd5 Rxd5 49. Nxd5 Kg7 50. Kf4 Nf6 51. Nxf6 Kxf6 52. h4 Ke6 53. Ke4 Kd6 54. Kd4 Ke6 55. Ke4 Kd6 56. Kd4 Ke6 57. Ke4 1/2-1/2

[Event "PRO League KO Stage"]
[Site "chess.com INT"]
[Date "2017.03.25"]
[Round "4.7"]
[White "Lesiege, Alexandre"]
[Black "Rosenthal, Nicholas"]
[Result "1-0"]
[WhiteElo "2525"]
[BlackElo "2169"]
[WhiteFideId "-1"]
[WhiteFideId "-1"]
[PlyCount "133"]
[GameId "2130307635428628"]
[EventDate "2017.03.01"]
[EventType "k.o."]
[EventRounds "5"]
[EventCountry "USA"]
[SourceTitle "The Week in Chess 1168"]
[Source "Mark Crowther"]
[SourceDate "2017.03.27"]
[SourceVersion "1"]
[SourceVersionDate "2017.03.27"]
[SourceQuality "2"]
[WhiteTeam "Montreal ChessBrahs"]
[BlackTeam "St Louis Arch Bishops"]

1. d4 e6 2. c4 f5 3. g3 Nf6 4. Bg2 d5 5. Nf3 c6 6. O-O Bd6 7. Qc2 O-O 8. Nc3 Ne4 9. Rb1 Nd7 10. b4 Qe7 11. b5 Ndf6 12. bxc6 bxc6 13. Ne5 Qc7 14. Nxe4 Nxe4 15. Nd3 Ba6 16. c5 Be7 17. Bf4 Qc8 18. Be5 Bc4 19. Rb4 Bf6 20. Rfb1 Bb5 21. a4 Ba6 22. Qc1 Bxe5 23. dxe5 Qc7 24. f3 Rab8 25. fxe4 dxe4 26. Rxb8 Rxb8 27. Rxb8+ Qxb8 28. Qb2 Qd8 29. Nf4 Qd1+ 30. Bf1 h6 31. Nxe6 e3 32. Qd4 Bxe2 33. Qxd1 Bxd1 34. Nd4 Kf7 35. Kg2 g6 36. Bc4+ Ke7 37. Kf1 Bxa4 38. Ke2 Kd7 39. Kxe3 Ke7 40. h4 Kd7 41. Be2 Ke7 42. Bf3 a5 43. Nxc6+ Ke6 44. Kd4 g5 45. hxg5 hxg5 46. Bd5+ Kd7 47. Nxa5 f4 48. gxf4 gxf4 49. Nc4 Bd1 50. Nd2 Ke7 51. Bf3 Ba4 52. Bd5 Kd7 53. Nf3 Bd1 54. Ke4 Bc2+ 55. Kxf4 Ke7 56. Ke3 Ba4 57. Kd4 Kd7 58. c6+ Ke7 59. Kc5 Kd8 60. Nd4 Ke7 61. Nb5 Bc2 62. Nd4 Bd1 63. Be4 Bg4 64. Bf5 Bd1 65. c7 Bb3 66. c8=Q Be6 67. Qxe6+ 1-0

[Event "PRO League KO Stage"]
[Site "chess.com INT"]
[Date "2017.03.25"]
[Round "4.8"]
[White "Finegold, Benjamin"]
[Black "Lesiege, Alexandre"]
[Result "1-0"]
[WhiteElo "2481"]
[BlackElo "2525"]
[WhiteFideId "-1"]
[WhiteFideId "-1"]
[PlyCount "91"]
[GameId "2130307635428634"]
[EventDate "2017.03.01"]
[EventType "k.o."]
[EventRounds "5"]
[EventCountry "USA"]
[SourceTitle "The Week in Chess 1168"]
[Source "Mark Crowther"]
[SourceDate "2017.03.27"]
[SourceVersion "1"]
[SourceVersionDate "2017.03.27"]
[SourceQuality "2"]
[WhiteTeam "St Louis Arch Bishops"]
[BlackTeam "Montreal ChessBrahs"]

1. d4 d5 2. c4 dxc4 3. e3 Nf6 4. Bxc4 e6 5. Nf3 c5 6. O-O a6 7. a4 Nc6 8. Qe2 cxd4 9. Rd1 Be7 10. exd4 O-O 11. Nc3 Nb4 12. Ne5 Bd7 13. Bg5 h6 14. Bh4 Rc8 15. Bb3 Be8 16. Bxf6 Bxf6 17. d5 exd5 18. Nxd5 Nxd5 19. Rxd5 Qb6 20. Qf3 Bc6 21. Nxc6 Rxc6 22. Rad1 Bxb2 23. Rd7 Rf6 24. Rxb7 Qc5 25. Qe3 Ba3 26. Qxc5 Bxc5 27. Rd2 Rf4 28. g3 Rb4 29. Rdd7 Rxb7 30. Rxb7 a5 31. Kg2 g6 32. f4 Kg7 33. Kf3 h5 34. h3 Kf6 35. g4 hxg4+ 36. hxg4 Kg7 37. g5 Bb4 38. Kg4 Bd2 39. Rd7 Bc3 40. f5 gxf5+ 41. Kxf5 Rb8 42. Rxf7+ Kh8 43. Be6 Bg7 44. Kg6 Rb6 45. Re7 Bf8 46. Rh7# 1-0

[Event "PRO League KO Stage"]
[Site "chess.com INT"]
[Date "2017.03.25"]
[Round "4.9"]
[White "Lesiege, Alexandre"]
[Black "Finegold, Benjamin"]
[Result "0-1"]
[WhiteElo "2525"]
[BlackElo "2481"]
[WhiteFideId "-1"]
[WhiteFideId "-1"]
[PlyCount "88"]
[GameId "2130307635428641"]
[EventDate "2017.03.01"]
[EventType "k.o."]
[EventRounds "5"]
[EventCountry "USA"]
[SourceTitle "The Week in Chess 1168"]
[Source "Mark Crowther"]
[SourceDate "2017.03.27"]
[SourceVersion "1"]
[SourceVersionDate "2017.03.27"]
[SourceQuality "2"]
[WhiteTeam "Montreal ChessBrahs"]
[BlackTeam "St Louis Arch Bishops"]

1. d4 Nf6 2. c4 c5 3. d5 e5 4. Nc3 d6 5. e4 Be7 6. Bd3 Nbd7 7. Nge2 h5 8. h4 Nf8 9. Ng3 g6 10. Nge2 Ng4 11. g3 Nh7 12. f3 Ngf6 13. Be3 a6 14. Qd2 Rb8 15. a4 Bd7 16. O-O O-O 17. Rab1 a5 18. Nb5 Ne8 19. Bh6 Ng7 20. f4 exf4 21. Qxf4 Bxb5 22. axb5 Bf6 23. Qf3 Be5 24. Nf4 b6 25. Bc2 Qe8 26. b3 Nf6 27. Bxg7 Kxg7 28. Rbe1 Qe7 29. Kg2 Rbe8 30. Nd3 Ng4 31. Nf2 Nf6 32. Nd3 Nd7 33. Nf4 Bd4 34. Re2 Ne5 35. Nxh5+ gxh5 36. Qxh5 Rh8 37. Qf5 Rh6 38. Ree1 Reh8 39. Bd1 Rf6 40. Qg5+ Ng6 41. Rf5 Rxf5 42. Qxf5 Rxh4 43. Bh5 Rf4 44. Qh3 Rxe4 0-1

[Event "Carnaval"]
[Site "Quebec CAN"]
[Date "2017.02.18"]
[Round "3"]
[White "Lesiege, Alexandre"]
[Black "Rodrigue-Lemieux, Shawn"]
[Result "1-0"]
[WhiteElo "2585"]
[BlackElo "2197"]
[WhiteFideId "-1"]
[WhiteFideId "-1"]
[PlyCount "57"]
[GameId "2160767908478455"]
[EventDate "2017.02.17"]
[EventType "swiss"]
[EventRounds "5"]
[EventCountry "CAN"]
[SourceTitle "EXT 2022"]
[Source "ChessBase"]
[SourceDate "2021.10.06"]
[SourceVersion "1"]
[SourceVersionDate "2021.10.06"]
[SourceQuality "1"]

1. d4 d5 2. c4 e6 3. Nf3 Nf6 4. g3 Be7 5. Bg2 O-O 6. O-O Nbd7 7. Qc2 Re8 8. Rd1 c6 9. Nbd2 Nf8 10. e4 Nxe4 11. Nxe4 dxe4 12. Qxe4 Bf6 13. h4 c5 14. Be3 cxd4 15. Nxd4 Qe7 16. Nb5 Bxb2 17. Rab1 Ba3 18. c5 Bxc5 19. Bxc5 Qxc5 20. Rdc1 Qe7 21. Nc7 Rb8 22. Nxe8 Qxe8 23. Qe5 Bd7 24. Bxb7 f6 25. Qd6 Rd8 26. Rd1 Qg6 27. Qc7 Re8 28. Rb4 Re7 29. Bc8 1-0

[Event "Carnaval"]
[Site "Quebec CAN"]
[Date "2017.02.19"]
[Round "4"]
[White "Sambuev, Bator"]
[Black "Lesiege, Alexandre"]
[Result "1/2-1/2"]
[Annotator "Boutin,Jean-roger"]
[WhiteElo "2584"]
[BlackElo "2585"]
[WhiteFideId "-1"]
[WhiteFideId "-1"]
[PlyCount "115"]
[GameId "2160767739706426"]
[EventDate "2017.02.17"]
[EventType "swiss"]
[EventRounds "5"]
[EventCountry "CAN"]
[TimeControl "900+2"]

1. d4 Nf6 2. Nf3 d5 3. e3 g6 4. c4 Bg7 5. Nc3 O-O 6. Be2 c5 7. dxc5 dxc4 8. Qxd8 Rxd8 9. Bxc4 Nbd7 10. c6 bxc6 11. Bd2 Nb6 12. Be2 c5 13. Rc1 Bb7 14. b3 a5 15. Bb5 Rdc8 16. O-O Ne8 17. Be2 Nd6 18. Rc2 c4 19. Rfc1 Nd5 20. Nxd5 Bxd5 21. Bxc4 Nxc4 22. e4 Bb2 23. Rd1 Bxe4 24. Rxc4 Rxc4 25. bxc4 Rd8 26. Kf1 Bd3+ 27. Kg1 Be4 28. Kf1 a4 29. Ne1 Bb7 30. Nc2 f5 31. Ne3 Ba6 32. Ke1 f4 33. Nd5 Bxc4 34. Bc1 Rxd5 35. Rxd5 Bxd5 36. Bxb2 Bxa2 37. h4 Bd5 38. Kf1 Kf7 39. Be5 f3 40. g3 Ke6 41. Bb2 Bc4+ 42. Ke1 Kd5 43. Kd2 e5 44. Kc3 e4 45. Bc1 a3 46. Be3 Kc6 47. Bc1 Kb5 48. Be3 Ka4 49. Bc1 Bd3 50. Be3 Be2 51. Bc1 a2 52. Kb2 Bc4 53. Be3 Be6 54. Bd4 Kb4 55. Be3 Bb3 56. Bd4 Kc4 57. Be3 Kd3 58. Bc5 1/2-1/2

[Event "PRO League Atlantic"]
[Site "Chess.com INT"]
[Date "2017.01.11"]
[Round "1"]
[White "Lesiege, Alexandre"]
[Black "Barbosa, Oliver"]
[Result "1-0"]
[WhiteElo "2521"]
[BlackElo "2518"]
[WhiteFideId "-1"]
[WhiteFideId "-1"]
[PlyCount "61"]
[GameId "1075908395814912"]
[EventDate "2017.01.11"]
[EventType "team-swiss (rapid)"]
[EventRounds "7"]
[EventCountry "USA"]
[SourceTitle "CBM 176 Extra"]
[Source "ChessBase"]
[SourceDate "2017.03.02"]
[SourceVersion "1"]
[SourceVersionDate "2017.03.02"]
[SourceQuality "1"]
[WhiteTeam "Montreal ChessBrahs"]
[BlackTeam "New York Knights"]
[WhiteTeamCountry "CAN"]
[BlackTeamCountry "USA"]

1. d4 d5 2. c4 c6 3. Nf3 Nf6 4. e3 Bf5 5. Nc3 e6 6. Nh4 Be4 7. f3 Bg6 8. Qb3 Qc7 9. Bd2 Be7 10. cxd5 cxd5 11. Nxg6 hxg6 12. O-O-O Nc6 13. Kb1 a6 14. Rc1 O-O 15. g4 Rfc8 16. Qd1 Qd8 17. h4 b5 18. g5 Nh5 19. f4 Na5 20. Be1 Nc4 21. Bxc4 dxc4 22. Rh2 Rab8 23. Ne4 Qd5 24. Qf3 b4 25. Nd2 Qb5 26. Qf1 c3 27. Qxb5 cxd2 28. Rxc8+ Rxc8 29. Rxd2 axb5 30. Rc2 Rc4 31. Kc1 1-0

[Event "PRO League Atlantic"]
[Site "Chess.com INT"]
[Date "2017.01.11"]
[Round "1"]
[White "Lesiege, Alexandre"]
[Black "Bonin, Jay"]
[Result "1-0"]
[WhiteElo "2521"]
[BlackElo "2260"]
[WhiteFideId "-1"]
[WhiteFideId "-1"]
[PlyCount "73"]
[GameId "1075908395819008"]
[EventDate "2017.01.11"]
[EventType "team-swiss (rapid)"]
[EventRounds "7"]
[EventCountry "USA"]
[SourceTitle "CBM 176 Extra"]
[Source "ChessBase"]
[SourceDate "2017.03.02"]
[SourceVersion "1"]
[SourceVersionDate "2017.03.02"]
[SourceQuality "1"]
[WhiteTeam "Montreal ChessBrahs"]
[BlackTeam "New York Knights"]
[WhiteTeamCountry "CAN"]
[BlackTeamCountry "USA"]

1. d4 Nf6 2. c4 g6 3. Nf3 Bg7 4. g3 O-O 5. Bg2 d5 6. cxd5 Nxd5 7. O-O Nb6 8. Nc3 Nc6 9. e3 e5 10. d5 Na5 11. e4 c6 12. Bg5 f6 13. Be3 cxd5 14. Bxb6 Qxb6 15. Nxd5 Qd8 16. Rc1 Bg4 17. Rc7 Kh8 18. Qa4 Bxf3 19. Bxf3 Nc6 20. Rxb7 Nd4 21. Bg2 a5 22. b3 f5 23. Rd7 Qc8 24. exf5 Ra6 25. Rc7 Qxf5 26. Ne3 Qe6 27. Bd5 Qh3 28. Bg2 Qe6 29. Qd7 Qxd7 30. Rxd7 a4 31. bxa4 Rxa4 32. Bd5 e4 33. Rb1 Nf3+ 34. Kg2 Ne5 35. Rc7 Nd3 36. Rbb7 Rxf2+ 37. Kh3 1-0

[Event "PRO League Atlantic"]
[Site "Chess.com INT"]
[Date "2017.01.18"]
[Round "2"]
[White "Szabo, Gergely Andras"]
[Black "Lesiege, Alexandre"]
[Result "0-1"]
[WhiteElo "2549"]
[BlackElo "2521"]
[WhiteFideId "-1"]
[WhiteFideId "-1"]
[PlyCount "52"]
[GameId "1078416127655936"]
[EventDate "2017.01.11"]
[EventType "team-swiss (rapid)"]
[EventRounds "7"]
[EventCountry "USA"]
[SourceTitle "CBM 176 Extra"]
[Source "ChessBase"]
[SourceDate "2017.03.02"]
[SourceVersion "1"]
[SourceVersionDate "2017.03.02"]
[SourceQuality "1"]
[WhiteTeam "Toronto Dragons"]
[BlackTeam "Montreal ChessBrahs"]
[WhiteTeamCountry "CAN"]
[BlackTeamCountry "CAN"]

1. e4 e5 2. Nf3 Nc6 3. d4 exd4 4. Nxd4 Bc5 5. Nb3 Bb6 6. Nc3 Nf6 7. Qe2 a5 8. Be3 Bxe3 9. Qxe3 O-O 10. Bb5 Nb4 11. O-O-O c6 12. Be2 a4 13. Nd4 a3 14. b3 Re8 15. e5 Qa5 16. Bc4 Qxe5 17. Qxe5 Rxe5 18. Nf3 Rc5 19. Rd6 b5 20. Rxf6 gxf6 21. Ne4 bxc4 22. Nxc5 Nxa2+ 23. Kd2 c3+ 24. Kd3 d6 25. Ra1 Nb4+ 26. Kxc3 dxc5 0-1

[Event "PRO League Atlantic"]
[Site "chess.com INT"]
[Date "2017.01.11"]
[Round "1"]
[White "Paragua, Mark"]
[Black "Lesiege, Alexandre"]
[Result "1-0"]
[WhiteElo "2492"]
[BlackElo "2521"]
[WhiteFideId "-1"]
[WhiteFideId "-1"]
[PlyCount "75"]
[GameId "2130307636750049"]
[EventDate "2017.01.11"]
[EventType "team"]
[EventRounds "7"]
[EventCountry "USA"]
[SourceTitle "The Week in Chess 1158"]
[Source "Mark Crowther"]
[SourceDate "2017.01.16"]
[SourceVersion "1"]
[SourceVersionDate "2017.01.16"]
[SourceQuality "2"]
[WhiteTeam "New York Knights"]
[BlackTeam "Montreal ChessBrahs"]

1. d4 Nf6 2. Bg5 d5 3. Bxf6 gxf6 4. c4 dxc4 5. e3 c5 6. Bxc4 cxd4 7. exd4 Bg7 8. Ne2 O-O 9. O-O f5 10. Nbc3 Nc6 11. d5 Ne5 12. Bb3 Qd6 13. h3 Bd7 14. Bc2 Rac8 15. Ng3 f4 16. Nf5 Bxf5 17. Bxf5 Rc4 18. Qh5 Ng6 19. Ne4 Qxd5 20. Rad1 Rd4 21. Rxd4 Qxd4 22. Ng5 h6 23. Nxf7 Rxf7 24. Qxg6 Rf6 25. Be6+ Kh8 26. Qe8+ Rf8 27. Qxe7 Qxb2 28. Bd5 Qb5 29. Bf3 Re8 30. Qf7 Rf8 31. Qc7 Qb6 32. Qe7 Qa5 33. a3 b5 34. Rd1 a6 35. Be4 Qc3 36. Rd6 Qa1+ 37. Kh2 f3 38. Rxh6+ 1-0

[Event "PRO League Atlantic"]
[Site "chess.com INT"]
[Date "2017.01.11"]
[Round "1"]
[White "Yudasin, Leonid"]
[Black "Lesiege, Alexandre"]
[Result "1-0"]
[WhiteElo "2517"]
[BlackElo "2521"]
[WhiteFideId "-1"]
[WhiteFideId "-1"]
[PlyCount "89"]
[GameId "2130307636750062"]
[EventDate "2017.01.11"]
[EventType "team"]
[EventRounds "7"]
[EventCountry "USA"]
[SourceTitle "The Week in Chess 1158"]
[Source "Mark Crowther"]
[SourceDate "2017.01.16"]
[SourceVersion "1"]
[SourceVersionDate "2017.01.16"]
[SourceQuality "2"]
[WhiteTeam "New York Knights"]
[BlackTeam "Montreal ChessBrahs"]

1. e4 e5 2. Nf3 Nc6 3. Bc4 Bc5 4. c3 Nf6 5. b4 Bb6 6. d3 d6 7. a4 a5 8. b5 Ne7 9. O-O O-O 10. Nbd2 Ng6 11. Re1 Bg4 12. h3 Bh5 13. g3 Qd7 14. Kg2 d5 15. exd5 Nxd5 16. Ne4 f5 17. Neg5 h6 18. Qb3 c6 19. bxc6 bxc6 20. Qxb6 hxg5 21. Nxe5 Nxe5 22. Rxe5 f4 23. Qxc6 Qxc6 24. Bxd5+ Qxd5+ 25. Rxd5 fxg3 26. Rxg5 gxf2 27. Be3 Be2 28. Bxf2 Bxd3 29. Bd4 Be4+ 30. Kg1 Rf7 31. Re1 Re8 32. Rxa5 Kh7 33. Rh5+ Kg6 34. Rh4 Bc6 35. Rg4+ Kh7 36. Rxe8 Bxe8 37. a5 Bb5 38. Rg5 Bd3 39. h4 g6 40. Rc5 Be2 41. Rc8 g5 42. hxg5 Kg6 43. Rc5 Kh5 44. Bf6 Bd3 45. Kf2 1-0

[Event "PRO League Atlantic"]
[Site "chess.com INT"]
[Date "2017.01.18"]
[Round "2"]
[White "Lesiege, Alexandre"]
[Black "Sambuev, Bator"]
[Result "1/2-1/2"]
[WhiteElo "2521"]
[BlackElo "2539"]
[WhiteFideId "-1"]
[WhiteFideId "-1"]
[PlyCount "81"]
[GameId "2130307636754189"]
[EventDate "2017.01.11"]
[EventType "team"]
[EventRounds "7"]
[EventCountry "USA"]
[SourceTitle "The Week in Chess 1159"]
[Source "Mark Crowther"]
[SourceDate "2017.01.23"]
[SourceVersion "1"]
[SourceVersionDate "2017.01.23"]
[SourceQuality "2"]
[WhiteTeam "Montreal ChessBrahs"]
[BlackTeam "Toronto Dragons"]

1. d4 d5 2. c4 e6 3. Nf3 c6 4. e3 Bd6 5. Bd3 f5 6. O-O Nf6 7. b3 Qe7 8. Bb2 O-O 9. Nc3 a6 10. Rc1 Nbd7 11. Ne2 b5 12. a4 bxc4 13. bxc4 Rb8 14. Qc2 a5 15. Rb1 Ba6 16. Rfc1 c5 17. Ba1 Rxb1 18. Qxb1 Rb8 19. Qc2 Rb4 20. Nd2 Ne4 21. g3 Nxd2 22. Qxd2 dxc4 23. Bc2 Bb7 24. Rd1 Bd5 25. Nc3 Nf6 26. dxc5 Bxc5 27. Nxd5 Nxd5 28. Bxf5 Nxe3 29. fxe3 exf5 30. Qd5+ Kf8 31. Qxf5+ Ke8 32. Qc8+ Kf7 33. Rf1+ Kg6 34. Qf5+ Kh6 35. Qh3+ Kg6 36. Qf5+ Kh6 37. Qh3+ Kg6 38. Qf5+ Kh6 39. Qh3+ Kg6 40. Qf5+ Kh6 41. Qh3+ 1/2-1/2

[Event "PRO League Atlantic"]
[Site "chess.com INT"]
[Date "2017.01.18"]
[Round "2"]
[White "Lesiege, Alexandre"]
[Black "Song, Michael"]
[Result "1-0"]
[WhiteElo "2521"]
[BlackElo "2415"]
[WhiteFideId "-1"]
[WhiteFideId "-1"]
[PlyCount "105"]
[GameId "2130307636754190"]
[EventDate "2017.01.11"]
[EventType "team"]
[EventRounds "7"]
[EventCountry "USA"]
[SourceTitle "The Week in Chess 1159"]
[Source "Mark Crowther"]
[SourceDate "2017.01.23"]
[SourceVersion "1"]
[SourceVersionDate "2017.01.23"]
[SourceQuality "2"]
[WhiteTeam "Montreal ChessBrahs"]
[BlackTeam "Toronto Dragons"]

1. d4 Nf6 2. c4 c5 3. Nf3 cxd4 4. Nxd4 Nc6 5. Nc3 e6 6. a3 a6 7. e4 Qb6 8. Nb3 Ne5 9. Be3 Qc7 10. Rc1 d6 11. Be2 Be7 12. O-O h5 13. f3 b6 14. Nd2 Bb7 15. Qe1 h4 16. Qf2 Ned7 17. b4 Bc6 18. Nd5 exd5 19. cxd5 Ne5 20. dxc6 b5 21. Nb3 h3 22. g3 Rc8 23. Bb6 Qb8 24. c7 Qa8 25. Na5 Nfd7 26. Be3 g5 27. f4 gxf4 28. Qxf4 Rg8 29. Bh5 Nf6 30. Bf3 Nxf3+ 31. Qxf3 Qxe4 32. Qxe4 Nxe4 33. Bb6 Nf6 34. Nc6 Nd5 35. Ba5 Bg5 36. Rce1+ Be3+ 37. Rxe3+ Nxe3 38. Re1 Kd7 39. Nb8+ Rxb8 40. cxb8=Q Rxb8 41. Rxe3 Rc8 42. g4 Rc1+ 43. Kf2 d5 44. Rxh3 Ke6 45. Re3+ Kd6 46. Bb6 Rc4 47. Bc5+ Kc6 48. Kg3 d4 49. Rd3 Kd5 50. Rxd4+ Rxd4 51. Bxd4 Kxd4 52. h4 Ke5 53. h5 1-0